The nature of war /

Bibliographic Details
Main Author: Keegan, John, 1934-2012
Other Authors: Darracott, Joseph
Format: Book
Language:English
Published: New York, N.Y. : Holt, Rinehart and Winston, [1981]
Edition:1st ed.
Subjects:

MARC

Tag First Indicator Second Indicator Subfields
LEADER 00000pam a2200000 a 4500
001 in00000083997
005 20180628113927.0
008 800715s1981 nyua 00010 engm
010 |a  80023979  
020 |a 0030577772 
035 |a (OCoLC)06580050 
035 |9 AAJ0466AM 
040 |a DLC  |c DLC  |d m.c.  |d TXA  |d UtOrBLW 
049 |a TXAM  |c [800661] 
050 0 0 |a U21.2  |b .K4 1981 
082 0 |a 355/.02  |2 19 
100 1 |a Keegan, John,  |d 1934-2012. 
245 1 4 |a The nature of war /  |c John Keegan & Joseph Darracott. 
250 |a 1st ed. 
264 1 |a New York, N.Y. :  |b Holt, Rinehart and Winston,  |c [1981] 
264 4 |c ©1981 
300 |a xi, 276 pages :  |b illustrations (some color) ;  |c 31 cm. 
336 |a text  |b txt  |2 rdacontent 
337 |a unmediated  |b n  |2 rdamedia 
338 |a volume  |b nc  |2 rdacarrier 
500 |a "A Jonathan-James Book." 
500 |a Illustrations on lining papers. 
536 |a One of the Cushing Library/Ragan Military copies donated by The Alan Mathis Memorial Military History Collection, 1997. 
500 |a One of the Cushing Library/Ragan Military copies is a gift of Ann, Fred, and Tracie Burns for the Major Curtis Burns '52 Aviation Collection. 
650 0 |a War. 
700 1 |a Darracott, Joseph. 
999 |a MARS 
999 f f |s 81302294-a4ef-3278-826c-032d8b481708  |i cb5ae1c3-20cc-3b90-81ce-e991174185b9  |t 0 
952 f f |p ric  |a Texas A&M University  |b Rellis Campus  |c Joint Library Facility  |d Remote Storage  |t 0  |e U21.2 .K4 1981  |h Library of Congress classification  |i unmediated -- volume  |m A14806260338 
952 f f |p noncirc  |a Texas A&M University  |b College Station  |c Cushing Memorial Library & Archives  |d Cushing: Ragan Military (Does not check out)  |t 0  |e U21.2 .K4 1981  |h Library of Congress classification  |i unmediated -- volume 
952 f f |p noncirc  |a Texas A&M University  |b College Station  |c Cushing Memorial Library & Archives  |d Cushing: Ragan Military (Does not check out)  |t 0  |e U21.2 .K4 1981  |h Library of Congress classification  |i unmediated -- volume 
998 f f |a U21.2 .K4 1981  |t 0  |l Cushing: Ragan Military (Does not check out) 
998 f f |a U21.2 .K4 1981  |t 0  |l Cushing: Ragan Military (Does not check out) 
998 f f |a U21.2 .K4 1981  |t 0  |l Remote Storage